Introduction to gauge theory (Record no. 1211333)

MARC details
000 -LEADER
fixed length control field 01164nam a2200337Ia 4500
003 - CONTROL NUMBER IDENTIFIER
control field OSt
005 - DATE AND TIME OF LATEST TRANSACTION
control field 20221007123054.0
008 - FIXED-LENGTH DATA ELEMENTS--GENERAL INFORMATION
fixed length control field 221006b |||||||| |||| 00| 0 eng d
020 ## - INTERNATIONAL STANDARD BOOK NUMBER
International Standard Book Number 9781498734516 (hbk)
037 ## - SOURCE OF ACQUISITION
Terms of availability Textual
040 ## - CATALOGING SOURCE
Original cataloging agency PAPL
Transcribing agency PAPL
Language of cataloging eng
041 ## - LANGUAGE CODE
Source of code eng
Language code of text/sound track or separate title eng
100 ## - MAIN ENTRY--PERSONAL NAME
Personal name Cabibbo Nicola
9 (RLIN) 716305
245 #0 - TITLE STATEMENT
Title Introduction to gauge theory
Remainder of title Luciano Maiani Benhar Omar
260 ## - PUBLICATION, DISTRIBUTION, ETC.
Place of publication, distribution, etc. Boca
Name of publisher, distributor, etc. Raton CRC Press
Date of publication, distribution, etc. 2018
300 ## - PHYSICAL DESCRIPTION
Extent xvi,303p. ill.
Dimensions cm.
500 ## - GENERAL NOTE
General note Appendix A-F, 269-294p.; Bibliography 295-298p.; Index 299-303p.
650 ## - SUBJECT ADDED ENTRY--TOPICAL TERM
Topical term or geographic name entry element Fermion fields
9 (RLIN) 716306
650 ## - SUBJECT ADDED ENTRY--TOPICAL TERM
Topical term or geographic name entry element Feynman path integral
9 (RLIN) 716307
650 ## - SUBJECT ADDED ENTRY--TOPICAL TERM
Topical term or geographic name entry element Quantum electrodynamics
650 ## - SUBJECT ADDED ENTRY--TOPICAL TERM
Topical term or geographic name entry element Towards a field theory
9 (RLIN) 716308
650 ## - SUBJECT ADDED ENTRY--TOPICAL TERM
Topical term or geographic name entry element Physics
700 ## - ADDED ENTRY--PERSONAL NAME
Personal name Benhar Omar
9 (RLIN) 716309
700 ## - ADDED ENTRY--PERSONAL NAME
Personal name Luciano Maiani
9 (RLIN) 716310
942 ## - ADDED ENTRY ELEMENTS (KOHA)
Classification part C9B36, Q8 Carpa
Koha item type Textual
Source of classification or shelving scheme Colon Classification (CC)
Holdings
Withdrawn status Lost status Source of classification or shelving scheme Damaged status Not for loan Home library Current library Date acquired Source of acquisition Total Checkouts Full call number Barcode Date last seen Price effective from Koha item type
    Colon Classification (CC)     Department of Physics and Astrophysics Library Department of Physics and Astrophysics Library 2022-10-07 4714, 23/02/2018, Ashutosh Technical Books   C9B36 Q8 Carpa PA0007443 2022-10-07 2022-10-07 Textual
Copyright @ Delhi University Library System